[Event "17th Aeroflot Open-A 2019"]
[Site "Moscow"]
[Date "2019.02.24"]
[Round "6.17"]
[White "Sarana, Alexey"]
[Black "Karthikeyan, Murali"]
[Result "1-0"]
[WhiteElo "2630"]
[BlackElo "2560"]
[Annotator "TA"]
[PlyCount "129"]
[EventDate "2019.02.19"]
[EventCountry "RUS"]
[SourceTitle "playchess.com"]
[Source "ChessBase"]
[SourceQuality "1"]

{[%evp 14,129,25,28,35,10,37,0,21,15,14,11,19,19,19,16,12,14,28,14,6,7,20,20,20,20,20,20,29,29,32,31,31,29,30,28,28,14,60,51,66,68,68,68,96,87,95,93,86,86,90,82,77,65,751,743,711,695,738,695,641,426,433,431,423,432,428,425,422,419,409,394,384,376,340,348,380,379,404,374,706,688,700,700,688,686,590,585,619,649,664,639,1014,968,724,597,948,902,1790,1546,1839,1797,1705,1626,1453,1293,1039,879,29975,29976,29976,29977,29966,29967,29967,29966,4631,1902]} 1. d4 Nf6 2. c4 e6 3. Nf3 d5 4. Nc3 Bb4 5. Bg5 h6 6. Bxf6 Qxf6 7. Qa4+ Nc6 8. e3 O-O {D38: Queen's Gambit Declined: Ragozin Defence (4 Nf3 Bb4)} 9. Rd1 (9. Be2 dxc4 10. a3 Bxc3+ 11. bxc3 Bd7 12. Qxc4 Rac8 13. O-O Na5 14. Qb4 b6 15. Ne5 Rfd8 16. a4 {1-0 (36) Kovalenko,I (2657)-Anand,V (2773) St Petersburg 2018}) 9... a6 $146 ({Predecessor:} 9... Rd8 10. Qb3 Qg6 11. h3 dxc4 12. Bxc4 Bxc3+ 13. Qxc3 Bd7 14. Bd3 Qh5 15. a3 Qa5 16. b4 {1-0 (61) Esipenko,A (2593)-Leko,P (2669) Moscow 2018}) 10. Qb3 Qe7 {The position is equal.} 11. cxd5 exd5 12. Be2 Rd8 13. a3 Bxc3+ 14. Qxc3 Bg4 15. Rc1 Rd7 16. h3 Bxf3 17. Bxf3 Nd8 18. Bg4 Ne6 19. b4 c6 20. O-O Rdd8 21. a4 Ng5 22. Qc5 Rd6 23. Bf5 Ne4 24. Bxe4 dxe4 25. Qb6 Rd7 (25... Qd7 {with more complications.} 26. Rc5 Re8 27. Rfc1 Rg6 28. Kh1 Re7) 26. Rc5 Qd8 27. Qxd8+ Rdxd8 $14 {[%mdl 4096] Endgame KRR-KRR} 28. Rfc1 Re8 29. g4 Re6 30. Kg2 g6 31. Kg3 Rae8 32. b5 cxb5 33. axb5 {[%cal Ba4b5,Bb5a6,Ba6a7][%mdl 32]} b6 $2 {[%mdl 8192]} (33... a5 $14) 34. Rc8 $18 Kg7 35. bxa6 {[#] Black must now prevent a7.} R8e7 36. Ra8 b5 37. Ra1 {Strongly threatening a7.} Re8 38. Rxe8 Rxe8 {KR-KR} 39. a7 Ra8 40. Kf4 b4 41. Kxe4 b3 42. Rb1 Rxa7 43. Rxb3 Ra2 44. Kf3 Rd2 45. Rb5 g5 46. h4 Kg6 $2 {[#]} (46... gxh4 47. Rh5 Ra2 48. Rxh4 Ra3) 47. Rb6+ Kg7 48. h5 Kh7 49. Rd6 Kg7 50. Ra6 Kh7 51. Ra4 Kg7 52. e4 Rd3+ 53. Ke2 Rb3 54. e5 Rc3 55. f3 Rb3 56. d5 Rb5 57. Rd4 Kf8 58. Ke3 Ke7 59. Ke4 Rb1 60. Ra4 Re1+ 61. Kf5 Rf1 62. d6+ Ke8 63. Ra8+ Kd7 64. Ra7+ Ke8 65. Ke4 {Accuracy: White = 81%, Black = 38%.} (65. Kf6 $142 Rxf3+ 66. Kg7) 1-0

[Event "17th Aeroflot Open-A 2019"]
[Site "Moscow"]
[Date "2019.02.24"]
[Round "6.18"]
[White "Paravyan, David"]
[Black "Sychev, Klementy"]
[Result "1/2-1/2"]
[WhiteElo "2627"]
[BlackElo "2545"]
[Annotator "TA"]
[PlyCount "31"]
[EventDate "2019.02.19"]
[EventCountry "RUS"]
[SourceTitle "playchess.com"]
[Source "ChessBase"]
[SourceQuality "1"]

{[%evp 9,31,14,10,9,24,0,0,-2,0,0,-23,-15,0,-75,0,11,36,33,52,14,39,29,42,29]} 1. e4 c6 2. d4 d5 3. exd5 cxd5 4. Nf3 Nc6 5. Bb5 Nf6 (5... e6 6. O-O Bd6 7. c4 Nge7 8. Nc3 O-O 9. c5 Bc7 10. a3 e5 11. Bxc6 Nxc6 12. dxe5 d4 13. Nb5 {½-½ (60) Karjakin,S (2753)-Mamedyarov,S (2817) St Petersburg 2018}) 6. O-O {B13: Caro-Kann: Exchange Variation and Panov-Botvinnik Attack} Bg4 7. c3 e6 8. h3 {The position is equal.} Bh5 9. g4 $146 ({Predecessor:} 9. Nbd2 Bd6 10. Re1 O-O 11. a4 Qc7 12. Be2 Bg6 13. Nh4 Nxd4 14. Nxg6 Nxe2+ 15. Qxe2 hxg6 {½-½ (34) Tomic,B (2081)-Orenda,O (2161) Croatia 2013}) 9... Bg6 10. Ne5 Rc8 11. Qa4 {[#]} (11. Bg5 $11) 11... Qb6 (11... Bd6 $1 $17) 12. c4 $36 {[%mdl 2048] White is more active.} a6 13. Bxc6+ $1 bxc6 14. Nc3 Be7 15. g5 Bf5 16. Re1 {Accuracy: White = 82%, Black = 47%.} 1/2-1/2

[Event "17th Aeroflot Open-A 2019"]
[Site "Moscow"]
[Date "2019.02.24"]
[Round "6.19"]
[White "Sargsyan, Shant"]
[Black "Grachev, Boris"]
[Result "1/2-1/2"]
[WhiteElo "2488"]
[BlackElo "2626"]
[Annotator "TA"]
[PlyCount "42"]
[EventDate "2019.02.19"]
[EventCountry "RUS"]
[SourceTitle "playchess.com"]
[Source "ChessBase"]
[SourceQuality "1"]

{[%evp 11,42,16,15,18,13,23,4,19,44,49,45,41,51,49,55,58,57,23,23,24,66,37,70,72,85,40,74,62,46,0,62,0,45]} 1. d4 d5 2. c4 e6 3. Nf3 Nf6 4. g3 dxc4 5. Bg2 Bb4+ 6. Bd2 a5 7. Qc2 {E04: Open Catalan: 5 Nf3} Bxd2+ 8. Qxd2 c6 9. a4 b5 10. axb5 cxb5 11. Qg5 O-O 12. Qxb5 Ba6 13. Qa4 Qb6 14. Nbd2 {[%cal Bb1d2,Bd2e4,Be4c5][%mdl 32]} Bb5 {[#]} ({Wrong is} 14... Qxb2 $2 15. Rb1 $18) 15. Qa2 $146 Rc8 16. O-O $1 Nd5 17. Rfc1 {[%cal Rd2c4]} Nd7 {[#] Threatens to win with ...c3.} 18. Ne4 N7f6 19. Nc5 Nd7 20. Ne4 N7f6 21. Nc5 Nd7 $1 {Accuracy: White = 69%, Black = 73%.} 1/2-1/2

[Event "17th Aeroflot Open-A 2019"]
[Site "Moscow"]
[Date "2019.02.24"]
[Round "6.20"]
[White "Khismatullin, Denis"]
[Black "Xu, Yinglun"]
[Result "1/2-1/2"]
[WhiteElo "2621"]
[BlackElo "2512"]
[Annotator "TA"]
[PlyCount "37"]
[EventDate "2019.02.19"]
[EventCountry "RUS"]
[SourceTitle "playchess.com"]
[Source "ChessBase"]
[SourceQuality "1"]

{[%evp 18,37,4,5,24,20,8,1,23,0,0,0,0,-4,-7,-7,-2,-22,-14,-25,-21,-21]} 1. Nf3 Nf6 2. g3 d5 3. Bg2 c6 4. O-O Bf5 5. c4 e6 6. cxd5 exd5 7. d3 Be7 8. Qb3 {A11: English Opening: 1...c6} (8. Qc2 O-O 9. Nc3 Na6 10. a3 d4 11. Nb1 c5 12. Bg5 h6 13. Bxf6 Bxf6 14. Nbd2 Rc8 15. Rfe1 Qd7 {½-½ (68) Duda,J (2717)-Naiditsch,A (2705) Riadh 2017}) 8... Qb6 9. Qc2 O-O 10. Nc3 {LiveBook: 80 Games} Bg4 11. a3 $146 ({Predecessor:} 11. Be3 Qd8 12. Qb3 Qc8 13. Rfc1 Re8 14. Bd4 Nbd7 15. h3 Bf5 {½-½ (23) Tiits,T (2545)-Scherer,R (2589) ICCF email 2013}) 11... Nbd7 12. e4 Nc5 13. Be3 {[#] Black must now prevent b4.} Qb3 14. Qb1 {Hoping for Nd2.} Bxf3 $1 15. Bxf3 {Strongly threatening Bd1.} dxe4 16. dxe4 Rfd8 17. Ne2 Ne6 18. Rc1 Bc5 19. Rc3 1/2-1/2

[Event "17th Aeroflot Open-A 2019"]
[Site "Moscow"]
[Date "2019.02.24"]
[Round "6.21"]
[White "Xu, Yi"]
[Black "Firouzja, Alireza"]
[Result "1/2-1/2"]
[WhiteElo "2520"]
[BlackElo "2618"]
[Annotator "TA"]
[PlyCount "50"]
[EventDate "2019.02.19"]
[EventCountry "RUS"]
[SourceTitle "playchess.com"]
[Source "ChessBase"]
[SourceQuality "1"]

{[%evp 12,50,22,10,18,14,39,23,36,22,29,23,19,12,12,23,23,16,24,18,16,16,19,20,19,19,0,4,43,54,81,58,42,30,74,68,93,70,106,0,0]} 1. e4 c5 2. Nf3 Nc6 3. Bb5 g6 4. Bxc6 dxc6 5. d3 Bg7 6. h3 Nf6 7. Nc3 Nd7 {B31: Sicilian: 2...Nc6 3 Bb5 g6} 8. Be3 b6 9. Qd2 h6 {White has an edge.} 10. O-O e5 11. Nh2 (11. a3 Nf8 12. b4 Ne6 13. bxc5 f5 14. exf5 gxf5 15. Qe1 O-O 16. Rb1 e4 17. dxe4 {0-1 (36) Wang,H (2730)-Carlsen,M (2835) St Petersburg 2018}) 11... Nf8 12. f4 exf4 13. Bxf4 Ne6 14. Be3 Nd4 15. Rae1 Be6 16. e5 Nf5 17. Bf2 Qc7 $146 18. Nf3 O-O-O 19. Ne4 Kb8 20. b4 c4 21. Qc3 cxd3 22. cxd3 Rd7 23. a4 Rhd8 24. Rd1 Ne7 25. Bg3 (25. Nf6 $16) 25... Nf5 {Accuracy: White = 82%, Black = 64%.} 1/2-1/2

[Event "17th Aeroflot Open-A 2019"]
[Site "Moscow"]
[Date "2019.02.24"]
[Round "6.22"]
[White "Lupulescu, Constantin"]
[Black "Debashis, Das"]
[Result "1-0"]
[WhiteElo "2610"]
[BlackElo "2532"]
[Annotator "TA"]
[PlyCount "67"]
[EventDate "2019.02.19"]
[EventCountry "RUS"]
[SourceTitle "playchess.com"]
[Source "ChessBase"]
[SourceQuality "1"]

{[%evp 9,67,6,20,20,21,13,25,22,18,0,2,0,7,0,7,0,15,0,10,-16,-2,-14,0,-1,0,0,42,0,23,26,32,28,68,73,76,66,197,196,181,178,184,199,264,256,264,263,222,246,214,170,268,258,244,254,582,570,567,541,1014,993]} 1. d4 Nf6 2. c4 e6 3. Nf3 b6 4. a3 Bb7 5. Bf4 (5. Nc3 Ne4 6. Nxe4 Bxe4 7. Nd2 Bb7 8. e4 g6 9. Bd3 Bg7 10. Nf3 O-O 11. O-O d6 12. Rb1 Nd7 13. Bg5 Qc8 14. Re1 Re8 15. Qd2 c5 16. d5 exd5 17. exd5 Qc7 {½-½ (39) Fedoseev,V (2724)-Rapport,R (2731) Wijk aan Zee 2019}) 5... d6 6. Nc3 {E12: Queen's Indian: Unusual White 4th moves, 4 a3, 4 Nc3 Bb7 5 a3 and 4 Nc3 Bb7} Nbd7 7. e3 Be7 8. h3 {White has an edge.} O-O 9. Be2 c5 10. d5 exd5 $146 ({Predecessor:} 10... e5 11. Bh2 Re8 {0-1 (63) Kolanovic,K (1765)-Halavanja,M (1498) Topusko 2011}) 11. cxd5 a6 12. e4 b5 13. Nd2 Re8 14. b4 Bf8 15. O-O g6 16. Re1 Rc8 {[#] Hoping for ...cxb4.} 17. Rc1 Rb8 18. Qc2 Qe7 19. Qb1 Bg7 20. Bf1 Rbc8 21. a4 Nh5 22. Be3 bxa4 (22... c4 $14) 23. Nxa4 $18 cxb4 24. Qxb4 Rxc1 25. Rxc1 Bc8 (25... Ne5 $142 26. Qb6 Bc8) 26. Nb6 Nxb6 27. Qxb6 Nf6 28. Rc7 ({But not} 28. Bxa6 $6 Bxa6 29. Qxa6 Nxe4 $16) 28... Qd8 29. Qa7 Nd7 (29... Bf8 {was necessary.} 30. f3 (30. Rxf7 Be7 $14) 30... Re7 31. Rxe7 Qxe7) 30. Bxa6 {[%mdl 64] [#] Overworked Piece} Bxa6 31. Rxd7 {[%mdl 64] Double Attack} Qa5 $2 (31... Qa8 {is more resistant.} 32. Qc7 (32. Rxf7 Qxa7 33. Rxa7 Bd3 $18) 32... Qb8 33. Rxf7 (33. Qxd6 Qxd6 34. Rxd6 Bd3 $18) 33... Qxc7 34. Rxc7 Bd3) 32. Rxf7 {White is clearly winning.} Qa1+ 33. Kh2 Be5+ 34. f4 {Accuracy: White = 61%, Black = 44%.} 1-0

[Event "17th Aeroflot Open-A 2019"]
[Site "Moscow"]
[Date "2019.02.24"]
[Round "6.23"]
[White "Idani, Pouya"]
[Black "Sadhwani, Raunak"]
[Result "1/2-1/2"]
[WhiteElo "2604"]
[BlackElo "2448"]
[Annotator "TA"]
[PlyCount "44"]
[EventDate "2019.02.19"]
[EventCountry "RUS"]
[SourceTitle "playchess.com"]
[Source "ChessBase"]
[SourceQuality "1"]

{[%evp 13,44,8,24,0,0,0,0,-5,-16,-108,-110,-109,-102,-118,-39,-53,-40,-34,-24,-93,-66,-129,-43,-32,-35,-96,-74,-59,-63,-169,19,-185,0]} 1. Nf3 d5 2. c4 d4 3. b4 g5 4. Bb2 Bg7 5. Nxg5 e5 6. Ne4 {A09: Réti Opening: 1 Nf3 d5 2 c4} f5 7. Nc5 b6 {LiveBook: 6 Games} 8. Nb3 $146 {White has an edge.} ({Predecessor:} 8. Nd3 Bb7 9. e3 Qh4 10. exd4 exd4 {½-½ (42) Duda,J (2724)-Bartel,M (2604) Warsaw 2018}) 8... Ne7 9. e3 {Threatens to win with exd4.} O-O $1 10. Be2 d3 $1 {[%cal Rd3e2]} 11. Bf3 (11. Bh5 $11) 11... e4 $17 12. Bxg7 Kxg7 13. Bh5 Nbc6 (13... Kh6 $1 $17 14. Nc3 Nd7) 14. b5 $15 Ne5 15. f4 Nxc4 {And now ...Nd5 would win.} 16. O-O (16. Qc1 $1 $11 {remains equal.} Nd6 17. Nc3) 16... Kh6 $17 17. Nd4 (17. Nc3 $15) 17... Nd6 (17... a6 $17 {...axb5 is the strong threat.} 18. Qa4 Nd6) 18. Kh1 a6 19. g4 (19. Nc3 $15) 19... Nxb5 20. Nxb5 axb5 21. Rg1 (21. g5+ $15 Kg7 22. Qb3) 21... Ng6 $2 (21... fxg4 $1 $19 22. Bxg4 b4 23. Bxc8 Qxc8) 22. Qb3 $2 {[#]} (22. g5+ $11 {and White has nothing to worry.} Kg7 23. Qb3) 22... fxg4 $2 {Precision: White = 14%, Black = 43%.} ({Black should try} 22... Nxf4 $1 $19 {[%mdl 512]} 23. exf4 {[#]} e3 $1 {[%mdl 512]}) 1/2-1/2

[Event "17th Aeroflot Open-A 2019"]
[Site "Moscow"]
[Date "2019.02.24"]
[Round "6.24"]
[White "Inarkiev, Ernesto"]
[Black "Tsydypov, Zhamsaran"]
[Result "1-0"]
[WhiteElo "2692"]
[BlackElo "2547"]
[Annotator "TA"]
[PlyCount "115"]
[EventDate "2019.02.19"]
[EventCountry "RUS"]
[SourceTitle "playchess.com"]
[Source "ChessBase"]
[SourceQuality "1"]

{[%evp 15,115,13,22,22,60,61,58,39,68,52,61,45,70,54,56,69,103,85,102,55,44,24,46,33,76,72,84,58,71,83,78,75,97,80,118,125,190,193,179,201,178,62,58,51,39,38,39,20,23,32,74,69,111,91,136,129,139,128,159,166,138,172,143,158,283,284,284,274,273,258,263,263,250,258,238,237,252,219,233,237,240,206,373,188,197,200,293,278,329,337,472,472,431,8,8,8,8,8,8,8,5518,5310]} 1. e4 c5 2. Nf3 d6 3. d4 cxd4 4. Nxd4 Nf6 5. Nc3 a6 6. Be3 e6 7. Be2 Qc7 8. Qd2 b5 9. f3 {B84: Sicilian Scheveningen: 6 Be2 a6, lines without early Be3} b4 10. Na4 Nbd7 11. c3 {White is slightly better.} bxc3 12. Nxc3 Bb7 13. Rc1 $146 {Black must now prevent Ncb5.} ({Predecessor:} 13. O-O Be7 14. Rfc1 Qb8 15. Na4 d5 16. Nc6 Bxc6 17. Rxc6 dxe4 {0-1 (40) Inarkiev,E (2680)-Le,Q (2712) Khanty-Mansiysk 2013}) 13... Qb8 14. Bd1 Be7 15. Ba4 O-O 16. Nc6 Qe8 17. Rd1 Bxc6 $1 18. Bxc6 {Threatens to win with e5.} Rc8 19. Bb7 Rb8 20. Bxa6 d5 21. exd5 Bb4 22. d6 Nd5 23. Bd4 Bxd6 24. O-O Rb4 {...Rxd4! is the strong threat.} 25. Kh1 $1 ({Stronger than} 25. Nxd5 Rxd4 26. Qxd4 (26. Nf6+ $2 gxf6 27. Qa5 Be5 $19) 26... Bc5 $15) 25... Bf4 (25... Qa8 $16 {might work better.}) 26. Qe2 $18 Qb8 27. Nxd5 exd5 28. Bc3 (28. a3 $1 $18 {[%cal Ra3b4]} Rb3 29. g3) 28... Rb6 $1 $14 {Hoping for ...Re8.} 29. Rxd5 Bxh2 {And now ...Re8 would win.} 30. Rh5 Bf4 31. Qd3 {[%csl Gh5][%cal Rd3h7][%mdl 64] Double Attack} g6 $1 {[%cal Rg6h5]} 32. Rh4 Nf6 33. Bc4 $1 Rd6 34. Qc2 Nh5 35. Rxh5 gxh5 36. Qe4 $1 {[%cal Re4f4]} Bg3 {[#]} 37. Bd3 $1 {[%csl Gd3][%cal Re4h7][%mdl 1024] White has strong compensation.} Rh6 38. Qd4 {[%csl Gc3][%cal Rd4h8]} f6 39. Bd2 $40 {[%mdl 128] White is out for blood.} Rd8 (39... Rg6 $16 40. Bxg6 hxg6) 40. Qe4 ({Don't take} 40. Qc4+ $6 Kg7 $16) 40... Rg6 41. Qe6+ Kg7 42. Qe7+ Kg8 43. Bxg6 hxg6 44. Bh6 {[%csl Gh6][%cal Re7g7]} ({Don't do} 44. Qxf6 $6 Rd6) 44... Qc7 45. Qxf6 Kh7 46. Bg5 Re8 47. Qd4 Re2 48. Bf6 Be1 $2 (48... Re6 49. f4 Rd6) 49. Qd8 (49. Qd5 $142 Re8 50. f4) 49... Qxd8 $18 50. Bxd8 {[%mdl 4096] Endgame KRB-KRB} Kg8 (50... Bf2 $142 51. Bf6 Be1) 51. a4 {[%cal Ba2a4,Ba4a5,Ba5a6][%mdl 32]} Kf7 52. a5 Ke8 (52... Bf2 {is a better defense.} 53. b4 Ke8) 53. a6 Bf2 {[#]} 54. Rxf2 $2 (54. Bh4 $1 $18 {[%mdl 512]} Bb6 (54... Bxh4 55. a7) 55. Ra1) 54... Rxf2 $11 55. Ba5 Rc2 $1 56. a7 Rc8 57. Bc7 {Strongly threatening Kh2.} Ra8 $2 {[%mdl 8192]} (57... Kd7 $11 58. Bb8 Rc1+ 59. Kh2 Ra1) 58. Bb8 {Accuracy: White = 71%, Black = 48%.} 1-0

[Event "17th Aeroflot Open-A 2019"]
[Site "Moscow"]
[Date "2019.02.24"]
[Round "6.25"]
[White "Esipenko, Andrey"]
[Black "Maghsoodloo, Parham"]
[Result "0-1"]
[WhiteElo "2603"]
[BlackElo "2666"]
[Annotator "TA"]
[PlyCount "172"]
[EventDate "2019.02.19"]
[EventCountry "RUS"]
[SourceTitle "playchess.com"]
[Source "ChessBase"]
[SourceQuality "1"]

{[%evp 18,172,57,40,42,29,35,30,41,31,29,30,26,24,25,-6,53,20,27,0,0,0,-2,-23,-36,-36,-4,-94,-70,-157,-154,-212,-193,-243,-234,-243,-183,-183,-184,-170,-189,-335,-320,-331,-327,-324,-311,-322,-330,-322,-308,-307,-304,-336,-147,-152,-116,-146,-147,-133,-183,-145,-147,-140,-147,-422,-422,-411,-408,-373,-380,-379,-355,-422,-414,-404,-335,-480,-730,-730,-694,-665,-464,-658,-437,-569,-526,-2614,-1230,-2432,-2271,-1457,-2019,-1899,-1400,-1785,-1673,-1411,-1378,-1364,-575,-1753,-1753,-3126,-3236,-3779,-2514,-5077,-2836,-2769,-2201,-29946,-29949,-29942,0,-5210,-2714,-29953,-29944,-29946,-29949,-29943,-6904,-6536,-6536,-5559,-3002,-29959,-29962,-29961,-29962,-29963,-29964,-29965,-29966,-29966,-29967,-29976,-29977,-29977,-29977,-29977,-29978,-29978,-29973,-29978,-29979,-29979,-29980,-29974,-29975,-29977,-29978,-29981,-29982,-29989,-29990]} 1. d4 Nf6 2. Nf3 e6 3. c4 d5 4. Nc3 dxc4 5. e4 b5 (5... Bb4 6. Bxc4 Nxe4 7. O-O Nf6 8. Qa4+ Nc6 9. Bg5 Bxc3 10. bxc3 O-O 11. Ne5 Qd6 12. Rfe1 Nd5 13. Bxd5 exd5 14. Nxc6 Qxc6 15. Qxc6 bxc6 {½-½ (31) Mamedyarov,S (2817)-Duda,J (2738) Wijk aan Zee 2019}) 6. e5 {D24: Queen's Gambit Accepted: 3 Nf3 Nf6 4 Nc3} Nd5 7. Nxb5 Nb6 8. Be2 Nc6 9. O-O Be7 10. Qd2 {LiveBook: 7 Games} O-O 11. Qf4 Rb8 {Threatens to win with ...Nd5.} 12. Qg3 Kh8 13. Rd1 {[#]} Nb4 $146 14. Nc3 ({Worse is} 14. Nxa7 Bd7 $17) 14... Bb7 15. Rb1 N4d5 16. Ne4 f5 (16... Ne3 $11 17. Bxe3 Bxe4) 17. exf6 gxf6 18. Nc5 Bc8 $1 19. Ne4 Qe8 20. Bd2 ({But not} 20. Bh6 Rg8 $17) 20... Rg8 21. Qh4 $1 e5 {[%cal Be6e5,Be5e4,Be4e3][%mdl 32]} 22. h3 ({Avoid the trap} 22. dxe5 $2 Rg4 $19) (22. Ng3 $1 $11) 22... Qg6 $1 $36 {[%csl Gg8][%cal Rg6g2][%mdl 2048] White is under pressure.} 23. Ng3 (23. Bf1 $1 $15) 23... Bf5 $1 {[%cal Rf5b1]} 24. Rbc1 (24. Ra1 $17 e4 25. Ne1) 24... e4 $19 25. Nh2 {[#]} e3 $1 {[%cal Re3d2][%mdl 512]} 26. Be1 (26. Bxe3 Nxe3) 26... Bd3 27. Qg4 Bxe2 $1 28. Nxe2 Na4 $1 {[%cal Ra4b2]} 29. Qf3 (29. Qxg6 {might work better.} hxg6 30. Nc3 Ndxc3 31. Bxc3) 29... Nxb2 30. Qxd5 Nxd1 31. Rxd1 Qc2 32. Nc3 exf2+ 33. Bxf2 Qxc3 34. Ng4 Qc2 35. Re1 Bb4 (35... Rb1 $19 {and Black stays clearly on top. aiming for ...Rxe1+.} 36. Qe6 Rxe1+ 37. Bxe1 Bd8) 36. Bh4 $17 Rbf8 37. Bxf6+ {[#]} Rxf6 $1 {[%mdl 512]} 38. Nxf6 {[%csl Gf6][%cal Rd5g8]} Rxg2+ 39. Qxg2 Qxg2+ 40. Kxg2 Bxe1 {[%mdl 4096] Endgame KB-KN} 41. Nd5 $2 {[%mdl 8192]} (41. Kf1 $17 Ba5 42. Ke2) 41... c3 $19 {White must now prevent ...c2.} 42. Nb4 Bh4 43. Kf3 {[#]} Be7 $1 {[%cal Re7b4]} 44. Nc2 Kg7 45. Ne3 Kg6 46. Ke4 {If White can now play Kd3 this consolidates a bit.} Kg5 47. Kf3 (47. Kd3 {was forced.} Bf6 48. Kxc3) 47... Kh4 48. Kg2 Bg5 49. Nc2 Bf6 50. Kh2 (50. d5 $142 Be7 51. Na1) 50... Be7 51. Kg2 c5 52. dxc5 Bxc5 53. Ne1 Bb6 54. Nc2 Kg5 55. Kf3 Kf5 56. Nb4 Bc5 57. Nc2 Ke5 58. Na1 Be7 (58... h5 $142 59. Nc2 Kf5) 59. Nc2 Bg5 60. Nb4 Kd4 61. Ke2 Ke4 62. Nc2 Bf4 63. Nb4 Be3 64. Nc2 Bb6 65. Nb4 Be3 (65... h5 $142 66. a4 Ba5 67. Nc2 Kf4 68. Nd4 h4 69. Kd3 Kg3 70. Nc6 Bc7 71. Ne7 Kxh3 72. Nd5 Kg3 73. Nxc7 h3 74. Nb5 h2 75. Nxa7 h1=Q 76. Nb5 Qd1+ 77. Kxc3 Qxa4 78. Nd4 Kf4 79. Nc2 Ke4 80. Nb4 Qb5 81. Nc2 Qd3+ 82. Kb2 Qc4 83. Na3 Qb4+ 84. Ka2 Kd3 85. Nb1 Kc2 86. Na3+ Kd1 87. Nc4 Kc1 88. Ne5 Qb2#) 66. Nc2 Bc5 67. Ne1 Bb6 68. Nd3 h5 69. Nb4 Bc5 (69... h4 $142 70. Nd3 c2 71. Kd2 Kf3 72. Kxc2 Kg2 73. Ne1+ Kxh3 74. Nf3 Kg3 75. Nxh4 Kxh4 76. Kd3 Kg4 77. Ke4 a5 78. Kd3 Kf4 79. Kc4 Ke3 80. Kc3 Bd8 81. Kc4 Kd2 82. Kb3 Kd3 83. Kb2 Kc4 84. Ka3 Kc3 85. Ka4 Kb2 86. a3 Ka2 87. Kb5 Kxa3 88. Kc4 Kb2 89. Kc5 a4 90. Kd6 a3 91. Kd7 Ba5 92. Kd6 a2 93. Kd5 a1=Q 94. Ke4 Qe1+ 95. Kf5 Qe3 96. Kf6 Bd8+ 97. Kf5 Kc3 98. Kg6 Qg5+ 99. Kf7 Qf6+ 100. Kg8 Qg6+ 101. Kf8 Qh7 102. Ke8 Qe7#) 70. Nd3 Be3 71. Nb4 Bb6 72. Nd3 c2 {Black mates.} 73. Kd2 Kf3 74. Kxc2 Kg3 75. Kd2 Kxh3 76. Ke2 Kg3 77. Kf1 h4 {[%cal Bh5h4,Bh4h3][%mdl 32]} 78. Nc1 h3 79. Ne2+ Kf3 80. Ng1+ Kg4 81. Ne2 a5 82. a4 Kf3 83. Ng1+ {[#]} Kg3 $1 84. Ne2+ Kg4 85. Nc1 Kf3 86. Nd3 Kg3 {Precision: White = 40%, Black = 80%.} 0-1

[Event "17th Aeroflot Open-A 2019"]
[Site "Moscow"]
[Date "2019.02.24"]
[Round "6.26"]
[White "Yuffa, Daniil"]
[Black "Sethuraman, S.P."]
[Result "1/2-1/2"]
[WhiteElo "2578"]
[BlackElo "2651"]
[Annotator "TA"]
[PlyCount "127"]
[EventDate "2019.02.19"]
[EventCountry "RUS"]
[SourceTitle "playchess.com"]
[Source "ChessBase"]
[SourceQuality "1"]

{[%evp 15,127,0,16,0,0,0,15,0,22,6,12,-12,3,6,25,10,18,-83,-83,-105,-33,-113,0,0,0,0,0,0,0,0,0,0,35,0,0,0,0,0,0,0,0,0,0,0,0,0,0,0,0,0,0,0,0,-4,0,-16,-16,-16,-16,-16,42,26,97,97,102,102,153,158,197,194,194,184,183,192,192,191,143,132,132,135,105,9,8,0,1,1,153,-8,-8,-8,-8,-8,-8,-8,-8,-8,-8,-8,-8,-8,-8,-38,-15,-42,0,0,0,0,0,0,0,0,0,-8]} 1. d4 Nf6 2. c4 e6 3. g3 d5 4. Bg2 Bb4+ 5. Bd2 Be7 6. Nf3 O-O 7. O-O Nbd7 8. Qb3 c6 9. Rd1 {E11: Bogo-Indian} a5 10. Bf4 b5 11. c5 Nh5 12. Bc1 $146 ({Predecessor:} 12. Bd2 Qc7 13. Qc2 e5 14. e4 exd4 15. Nxd4 Bxc5 {½-½ (92) Ris,R (2416)-Adams,M (2728) Germany 2011}) 12... f5 13. Na3 Bf6 14. Nc2 Qe7 15. Qe3 Bb7 16. Ne5 (16. Nce1 $11) 16... Bxe5 $1 $17 17. dxe5 Nxc5 ({Black should play} 17... f4 $1 $17 {[%cal Rf4e3]} 18. Qd4 Qg5) 18. Bf3 (18. Qg5 $15 Qxg5 19. Bxg5) 18... g6 (18... f4 $1 $17 {[%cal Rf4e3]} 19. Qd4 Ne4 $1 {[%mdl 512]}) 19. Bxh5 $1 $11 gxh5 20. Qh6 Nd7 21. Nd4 Rfe8 22. Bf4 Qf7 23. Rac1 Rac8 24. Nb3 c5 25. Nxa5 Ba8 26. Nb3 d4 27. Rd2 Qg6 28. Qxg6+ hxg6 29. h4 Bd5 30. Rdc2 Be4 31. Rd2 $1 Bd5 32. f3 Rc6 33. Rdc2 Rec8 34. Kf2 Kf7 35. Na5 Ra6 {[#]} 36. b4 $1 {[%mdl 512]} Rca8 (36... cxb4 37. Rxc8) 37. a3 $1 c4 (37... Rc8 $11) 38. Rd1 {[#]} Rxa5 (38... Nc5 $1 $11 {[%mdl 512] keeps the balance.}) 39. bxa5 $16 Rxa5 40. Rxd4 Rxa3 (40... Ke8 $142) 41. Rb2 Bc6 42. Rbd2 Nc5 {[#]} 43. Rd8 $1 {[%cal Rd8c8]} Bd5 44. Rc8 Nb3 45. Rd1 Ra2 {intending ...b4.} 46. Bg5 b4 47. Rc7+ Kg8 48. Ke1 (48. g4 $16 hxg4 49. fxg4 fxg4 50. Rc8+ Kf7 51. Kg3 Rxe2 52. Rf1+ Bf3 53. Rxc4) 48... c3 $11 {next ...c2 is good for Black.} 49. e4 (49. Kf2 {is interesting.} Rb2 50. Rd3 Ra2 51. Bh6 c2 52. Bg5) 49... fxe4 50. fxe4 c2 $2 ({Better is} 50... Nd2 $1 $11) 51. exd5 $2 ({White must play} 51. Rd3 $16 Ra1+ 52. Kf2) 51... cxd1=Q+ 52. Kxd1 exd5 $16 {[%mdl 4096] Endgame KRB-KRN} 53. e6 {And now Bf6 would win.} Ra1+ $1 54. Kc2 $132 {[%mdl 2048] White is fighting back} Nd4+ {[%mdl 64] Double Attack} 55. Kb2 Ra8 56. e7 Re8 57. Rd7 Nf5 58. Kb3 Kf7 59. Kxb4 Nxe7 (59... Nxg3 {feels hotter.} 60. Rxd5 Ne4 61. Bf4 Rxe7 62. Kc4 Nf2) 60. Kc5 {Strongly threatening Kd6.The position is equal.} Ke6 61. Rxe7+ Rxe7 62. Bxe7 Kxe7 63. Kxd5 Kf6 {White must now prevent ...Kf5.} 64. Ke4 {Accuracy: White = 57%, Black = 52%.} 1/2-1/2